| 000 | 00636nam a22002055a 4500 | ||
|---|---|---|---|
| 999 | _c53211 | ||
| 001 | frq6dzj7cc2ml3kz | ||
| 003 | LIBRIS | ||
| 005 | 20200916125615.0 | ||
| 007 | cr ||| ||||| | ||
| 008 | 200303uuuuuuuuuxx |||||o|||||000 0|und|d | ||
| 020 | _z9789138324387 (Print) | ||
| 035 | _a(ALMA)990010819220404996 | ||
| 040 |
_aSEK _ea |
||
| 041 | _aund | ||
| 245 | 1 | 0 |
_aEtik : en introduktion _h[Elektronisk resurs] |
| 264 | 1 | _cuuuu-uuuu | |
| 776 | 0 | 8 |
_iPrint _tEtik : en introduktion _z9789138324387 |
| 887 |
_a{"@id":"frq6dzj7cc2ml3kz","modified":"2020-03-03T21:36:41.299+01:00","checksum":"36275813892"} _2librisxl |
||
| 942 |
_2z _cBOOK |
||